| 000 | 00883nam a2200253Ia 4500 | ||
|---|---|---|---|
| 003 | OSt | ||
| 005 | 20221005110246.0 | ||
| 006 | a|||||r|||| 00| 0 | ||
| 007 | ta | ||
| 008 | 221004b |||||||| |||| 00| 0 hin d | ||
| 020 |
_a8126010231 (hbk) _c1500 |
||
| 024 | _a92468 | ||
| 037 |
_b494, 19/03/2009, Vani Prakashan _cTextual |
||
| 040 |
_aCRL _cCRL _bhin |
||
| 041 |
_2hin _ahin |
||
| 082 | _aQ1:21, 152P8 | ||
| 100 | _aविश्वबन्धु, संपा. | ||
| 245 | 0 | _aवेदशास्त्र संग्रह | |
| 246 | _aVedashāstra sangraha | ||
| 260 |
_aनई दिल्ली _bसाहित्य अकादेमी भारतु _c2008 |
||
| 300 |
_a524पृ0 _ccm. |
||
| 942 |
_hQ1:21, 152P8 _cTEXL _2cc |
||
| 999 |
_c1018252 _d1018252 |
||